[Event "50th URS-ch"]
[Site "Moscow URS"]
[Date "1983.??.??"]
[Round "?"]
[White "Polugaevsky, Lev"]
[Black "Agzamov, Georgy"]
[Result "1-0"]
[WhiteElo "2625"]
[BlackElo "2535"]
[EventDate "1983.04.03"]
[PlyCount "82"]

1.c4 c6 2.d4 d5 3.Nf3 Nf6 4.Nc3 dxc4 5.a4 Bf5 6.e3 e6 7.Bxc4 Bb4 8.O-O O-O
9.Qe2 Nbd7 10.e4 Bg4 11.Rd1 Qe7 12.h3 Bxf3 13.Qxf3 e5 14.d5 h6 ( 14...Nb6 
15.Bb3 cxd5 16.a5 ) 15.dxc6 bxc6 16.Ne2 Kh7 17.Ng3 g6 18.b3 a5 19.Bb2 Rfd8
20.Rac1 Kg7 21.Be2 Nc5 22.Qe3 Rxd1+ 23.Rxd1 Re8 24.Kh2 Qc7 25.Bc4 Ncd7 26.
Kg1 Bc5 27.Qd2 Bb4 28.Qe2 Qa7 29.Kh1 Bc5 30.f4 h5 31.Qf3 Be3 32.fxe5 Nxe5 
33.Nf5+ gxf5 34.Qg3+ Ng6 35.exf5 Bf4 36.Qf3 Be5 37.fxg6 Bxb2 38.gxf7 Rf8 
39.Qg3+ Kh8 40.Qg6 Qb8 41.Rf1 Qd8 ( 41...Qd8 42.Rxf6 Bxf6 ( 42...Qxf6 43.
Qg8+ Rxg8 44.fxg8=Q# ) 43.Qh6# ) 1-0